[Event "Tula Region-ch"]
[Site "Tula"]
[Date "2014.03.16"]
[Round "6"]
[White "Avetisyan, Kristina"]
[Black "Martsenyuk, Dmitry"]
[Result "0-1"]
[WhiteElo "1754"]
[BlackElo "1726"]
[PlyCount "78"]
[EventDate "2014.03.11"]
[EventType "swiss"]
[EventRounds "9"]
[EventCountry "RUS"]
[SourceTitle "CBM 159 Extra"]
[Source "ChessBase"]
[SourceDate "2014.04.24"]
[SourceVersion "1"]
[SourceVersionDate "2014.04.24"]
[SourceQuality "1"]

1. d4 e6 2. Nf3 Nf6 3. c4 b6 4. Nc3 Bb4 5. Bg5 Bb7 6. e3 0-0 7. Bd3 d6 8. 0-0 Bxc3 9. bxc3 Nbd7 10. Qc2 h6 11. Bh4 c5 12. e4 e5 13. d5 Re8 14. Qd2 Nf8 15. h3 Ng6 16. Bg3 Nh5 17. Nh2 Nhf4 18. Bc2 Bc8 19. Bxf4 Nxf4 20. Qe3 Qg5 21. g4 Qh4 22. Kh1 Bd7 23. Rg1 Nxh3 24. Rg3 Nf4 25. Rag1 g6 26. Rf3 Kg7 27. Rfg3 Kh8 28. Bd1 b5 29. Be2 bxc4 30. Bxc4 Rab8 31. Re1 h5 32. g5 Bg4 33. Reg1 Rb2 34. Bb3 Re2 35. Rxg4 hxg4 36. Qg3 Qxg3 37. Rxg3 Rxf2 38. Kg1 Rxh2 39. Kxh2 Ne2 0-1

[Event "Tula Region-ch"]
[Site "Tula"]
[Date "2014.03.12"]
[Round "2"]
[White "Martsenyuk, Dmitry"]
[Black "Kosarev, Aleksey"]
[Result "0-1"]
[WhiteElo "1726"]
[BlackElo "2062"]
[PlyCount "112"]
[EventDate "2014.03.11"]
[EventType "swiss"]
[EventRounds "9"]
[EventCountry "RUS"]
[SourceTitle "CBM 159 Extra"]
[Source "ChessBase"]
[SourceDate "2014.04.24"]
[SourceVersion "1"]
[SourceVersionDate "2014.04.24"]
[SourceQuality "1"]

1. e4 e5 2. Nf3 Nf6 3. Nc3 Nc6 4. g3 d5 5. exd5 Nxd5 6. d3 Bg4 7. Bg2 Nxc3 8. bxc3 Bc5 9. 0-0 0-0 10. Qe1 Re8 11. Be3 Bb6 12. Nd2 Qd7 13. f3 Bh3 14. Bxh3 Qxh3 15. Qf2 Qe6 16. Nc4 Rad8 17. a4 Qd5 18. Rab1 f6 19. Rb5 Qf7 20. Bxb6 axb6 21. a5 Nxa5 22. Nxa5 bxa5 23. Rxa5 b6 24. Ra4 Ra8 25. Rfa1 Rxa4 26. Rxa4 Qd7 27. Ra7 Qc6 28. c4 f5 29. Ra1 Re6 30. Re1 Kf7 31. f4 Qd6 32. Qf3 g6 33. Qb7 exf4 34. Rxe6 Kxe6 35. Qc8+ Ke7 36. Qh8 fxg3 37. Qxh7+ Ke8 38. Qg8+ Kd7 39. hxg3 Qxg3+ 40. Kf1 Qf3+ 41. Ke1 Qe3+ 42. Kd1 Qe6 43. Qh8 Qd6 44. Qg8 f4 45. Qh8 Ke6 46. Qh3+ Kf6 47. Qh6 Qe5 48. Qh3 g5 49. Qh7 f3 50. Qh6+ Kf5 51. Qh3+ g4 52. Qh5+ Kf4 53. Qh2+ g3 54. Qh4+ Ke3 55. Qh6+ Kf2 56. Qh4 Qe1# 0-1